LIBRARY & INFORMATION CENTRE, KCAET, TAVANUR

ONLINE PUBLIC ACCESS CATALOGUE (OPAC)

Mcmillan Dictionary of Biotechnology / (Record no. 9961)

MARC details
000 -LEADER
fixed length control field 00329cam a2200133ua 4500
020 ## - INTERNATIONAL STANDARD BOOK NUMBER
ISBN 0333578236
082 ## - DEWEY DECIMAL CLASSIFICATION NUMBER
Classification number 660.60321
Item number COO/MA
100 ## - MAIN ENTRY--AUTHOR NAME
Personal name Coombs, James .
245 ## - TITLE STATEMENT
Title Mcmillan Dictionary of Biotechnology /
250 ## - EDITION STATEMENT
Edition statement 2 /
260 ## - PUBLICATION, DISTRIBUTION, ETC. (IMPRINT)
Place of publication London :
Name of publisher McMillon & Co Ltd ,
Year of publication 1992.
300 ## - PHYSICAL DESCRIPTION
Number of Pages 364 ; .
942 ## - ADDED ENTRY ELEMENTS (KOHA)
Koha item type Reference
Holdings
Withdrawn status Lost status Damaged status Collection code Home library Current library Shelving location Date acquired Full call number Accession Number Koha item type
      Reference KAUAET KAUAET General Stacks 07/04/2012 660.60321.COO/MA 18440 Books
free website counter